Rapport mondial sur les drogues

Tallennettuna:
Bibliografiset tiedot
Yhteisötekijä: Nations Unies Office contre la drogue et le crime
Aineistotyyppi: Kirja
Kieli:Undetermined
Julkaistu: Publication Des Nations Unies 2004
Aiheet:
Tagit: Lisää tagi
Ei tageja, Lisää ensimmäinen tagi!
Thư viện lưu trữ: Trung tâm Học liệu Trường Đại học Cần Thơ
LEADER 00494nam a2200157Ia 4500
001 CTU_92186
008 210402s9999 xx 000 0 und d
082 |a 362.29 
082 |b W927/Vol.1 
110 |a Nations Unies Office contre la drogue et le crime 
245 0 |a Rapport mondial sur les drogues 
260 |b Publication Des Nations Unies 
260 |c 2004 
650 |a drug abuse,drug traffic,drug control 
904 |i Tuyến 
980 |a Trung tâm Học liệu Trường Đại học Cần Thơ